| 000 | 00838cab a22001935a 4500 | ||
|---|---|---|---|
| 001 | L146550 | ||
| 008 | 09023 e20090130xxkd f 000 0 eng d | ||
| 035 | _a(Sirsi) u146550 | ||
| 041 | 0 | _aeng | |
| 100 | 1 | _aMayer, Peter | |
| 245 | 0 | 0 |
_aWhat it costs _bsynthetic resin floors |
| 260 | _c2009 | ||
| 490 | 0 |
_aBuilding _v274 (8564) 30 January 2009, 62 (1) |
|
| 520 | _aDiscusses the different types of synthetic resin floors, their use and service life, their performance qualities, designs, installation and maintenance issues. Table shows for synthetic resin flooring and duty classes the following information: capital cost per square meter; lifecycle cost over 60 years per square meter; and expected service life. | ||
| 590 | _aKA | ||
| 651 | 4 |
_aEngland and Wales _y1543- |
|
| 690 | _aBUILT ENVIRONMENT-BUILDING COSTS | ||
| 942 | _n0 | ||
| 999 |
_c81185 _d81185 |
||